|
|
|
|
| LEADER |
01199nam a2200337 a 4500 |
| 001 |
EBC442129 |
| 003 |
MiAaPQ |
| 005 |
20200520144314.0 |
| 006 |
m o d | |
| 007 |
cr cn||||||||| |
| 008 |
091012s2009 ii a sb 001 0 eng d |
| 020 |
|
|
|z 9788122422146
|
| 020 |
|
|
|z 9788122428605
|
| 035 |
|
|
|a (MiAaPQ)EBC442129
|
| 035 |
|
|
|a (Au-PeEL)EBL442129
|
| 035 |
|
|
|a (CaPaEBR)ebr10318671
|
| 035 |
|
|
|a (OCoLC)646815098
|
| 040 |
|
|
|a MiAaPQ
|c MiAaPQ
|d MiAaPQ
|
| 050 |
|
4 |
|a HB201
|b .M36 2009
|
| 100 |
1 |
|
|a Iyer, S. S.
|
| 245 |
1 |
0 |
|a Managing for value
|h [electronic resource] /
|c S.S. Iyer.
|
| 250 |
|
|
|a 3rd ed.
|
| 260 |
|
|
|a New Delhi :
|b New Age International (P) Ltd., Publishers,
|c c2009.
|
| 300 |
|
|
|a xviii, 234 p. :
|b ill.
|
| 504 |
|
|
|a Includes bibliographical references (p. [231]-232) and index.
|
| 533 |
|
|
|a Electronic reproduction. Ann Arbor, MI : ProQuest, 2015. Available via World Wide Web. Access may be limited to ProQuest affiliated libraries.
|
| 650 |
|
0 |
|a Value.
|
| 650 |
|
0 |
|a Value analysis (Cost control)
|
| 655 |
|
4 |
|a Electronic books.
|
| 710 |
2 |
|
|a ProQuest (Firm)
|
| 856 |
4 |
0 |
|u https://ebookcentral.proquest.com/lib/matrademy/detail.action?docID=442129
|z Click to View
|